000 00852nam a2200253Ia 4500
003 OSt
005 20220930092703.0
006 a|||||r|||| 00| 0
007 ta
008 220926b |||||||| |||| 00| 0 eng d
024 _a23737
037 _cTheses
040 _aCRL
_cCRL
_beng
041 _2eng
_aeng
100 _aGautam Vikas Kumar
_9549481
110 _aUniversity OF Delhi. Faculty OF Medical Sciences. Departmet OF Pediatrics
_9549482
245 0 _aEvaluation of the role of induced sputum in diagnosis of childhood pulmonary tuberculosis
260 _c2015
650 _aCHILDREN - DISEASES
700 _a Dr. Varinder Singh Gu.
_9533725
700 _aUniversity OF Delhi. Faculty OF Medical Sciences. Departmet OF Pediatrics
_9549483
942 _cDIS
_2CC
999 _c884153
_d884153